| 000 | 00377nam a2200145Ia 4500 | ||
|---|---|---|---|
| 008 | 230917s9999||||xx |||||||||||||| ||und|| | ||
| 040 |
_e145162 _aMAIN |
||
| 041 | _aEnglish | ||
| 082 | _a302.35 E67E | ||
| 100 | _aKao, Henry S R, ed. | ||
| 245 | 0 | _aEffective organization and social values | |
| 260 |
_aNew Delhi _bSage Publications _c1994 |
||
| 300 | _a352 p. | ||
| 942 | _cBK | ||
| 999 |
_c139466 _d139466 |
||